000 00463nam a2200169Ia 4500
999 _c23715
_d23715
003 OSt
005 20210107123900.0
008 190216s9999||||xx |||||||||||||| ||und||
040 _coclc
082 _a910
_bCHA/C
100 _aChandrasekharan, C
_97863
245 0 _aCanadayiloode /
_cC Chandrasekharan
260 _bCurrent Books,
_aThrissur:
300 _a144p
650 _aYathravivaranam
942 _cBK
_2ddc
_h910
_iCHA/C
_k910
_mCHA/C